| 000 | 00546 a2200193 4500 | ||
|---|---|---|---|
| 003 | sjds | ||
| 005 | 20240229142933.0 | ||
| 008 | 240229b |||||||| |||| 00| 0 spa d | ||
| 020 | _a9781474818155 (pbk.) | ||
| 020 | _a1474818153 (pbk.) | ||
| 040 | _csjds | ||
| 041 | _aspa | ||
| 100 | _aRumiz, Susanna | ||
| 245 |
_aDiverdidactica el maravilloso espacio : _b libro de stickers / _cSusanna Rumiz |
||
| 260 |
_a[No place]: _b Parragon Publishing, _c2015 |
||
| 300 | _a32 pages | ||
| 500 | _aCataloging from website Ages 7 to 9 | ||
| 942 | _cBK | ||
| 999 |
_c24739 _d24739 |
||